| 000 | 02822nam a22003257a 4500 | ||
|---|---|---|---|
| 001 | 4562 | ||
| 003 | FISKH | ||
| 005 | 20240919155114.0 | ||
| 008 | 240916b cb ||||| |||| 00| 0 eng d | ||
| 020 | _a9789995094140 | ||
| 040 |
_aFISKH _bBilingual _cFISKH _dFISKH |
||
| 050 | _aPZ7 | ||
| 082 | _a200 | ||
| 100 |
_aSotheary, Kimsun _eEditor |
||
| 245 |
_aក្រពើលោកនេន / _cEdit by Kimsun Sotheary : illustrated by Thai San |
||
| 250 | _aចេញផ្សាយខែមករា ឆ្នាំ២០០៩ | ||
| 260 |
_aភ្នំពេញ : _bReading Books ; _c២០០៩ . |
||
| 300 |
_a16 pages : _bcolor illustrations ; _c25 cm . |
||
| 490 | _aពិភពរឿងនិទាន | ||
| 505 | _aK | ||
| 520 | _aកាលពីដើមឡើយមានក្រពើមួយឈ្មោះ នាងឪរៃ ជាក្រពើរបស់លោកសង្ឃចិញ្ចឺម ។ក្រពើនេះធំតែនៅចាញ់ក្រពើមួយទៀតឈ្មោះសុពណ៏កាលី ។នាងមានបំនងប្រលងប្ញទ្ធិជាមួយនឹងក្រពើសុពណ៏កាលី ។ នាងបាននិមិត្តខ្លួនជាលោកនេនដើម្បើសុំដោយសារទូកអ្នកស្រុក។ ពេលមកដល់ច្រាំងនាងក៏សម្តែងប្ញទិ្ធប្រែខ្លួនជាក្រពើហែលសំដៅទៅរកក្រពើសុពណ៏កាលី ។ក្រពើសុពណ៏កាលីត្រូវស្លាប់ហើយក៏កើតជាភ្នំឈ្មោះថា សុពណ៏លកាលី ។ក្រោយពីទួលបានជ័យជំនះហើយនាងក៏បានចំលងលោកនេនឆ្លងទឺកតែបានជួបនឺងបច្ចាមិត្ត ។ នាងក៏លេបលោកនេនដើម្បើប្រយុទ្ធ តែអកុសលលោកនេនក៏បានសុគតបាត់ទៅ។ | ||
| 520 | _aIn the past, there was a crocodile named Neang Orey, a crocodile of a monk. This crocodile was big but lost to another crocodile named Sopon Kali. She pretended to be Mr. Nen to beg for a local boat. When she reached the shore, she turned into a crocodile and swam towards the Kali crocodile.The crocodile Sophon Kali died and was born in a mountain called Sopol Kalali. She swallowed Nen to fight, but unfortunately Nen died. | ||
| 521 | 8 |
_a520
_bLexile estimate |
|
| 521 | 8 |
_aK
_bRaz-Plus |
|
| 650 | _aលោកនេន | ||
| 650 | _amonk | ||
| 700 |
_aSan, Thai _eillustrator |
||
| 942 |
_2ddc _cKHB _n0 |
||
| 999 |
_c4562 _d4562 |
||